Presidents of Iran - Statistics

General Stats
  • This quiz has been taken 24 times
  • The average score is 6 of 9
Answer Stats
Years President % Correct
1981–1989 Ali Khamenei
89%
2021–2024 Ebrahim Raisi
83%
2005–2013 Mahmoud Ahmadinejad
83%
2013–2021 Hassan Rouhani
78%
2024– Masoud Pezeshkian
78%
1989–1997 Akbar Hashemi Rafsanjani
61%
1980–1981 Abolhassan Banisadr
44%
1997–2005 Mohammad Khatami
39%
1981 Mohammad-Ali Rajai
33%
No matching quizzes found
Score Distribution
Percent of People with Each Score
Percentile by Number Answered
Your Score History
You have not taken this quiz